Statistics for Name a Valid Geometry Dash Level

Click here to take the quiz!

General Stats

  • This quiz has been taken 93 times
  • The average score is 9 of 16

Answer Stats

Name a rated extreme demon...Answer% Correct
starting with "Y"Yatagarasu | Yuh
95%
starting with "The Hell" that was not originally made by Sohn0924The Hell Factory | The Hell Bird | The Hell Nutz
72%
that is (supposedly) hack verified and on the Pointercrate Demon ListDevil Vortex | Zodiac | ZAPHKIEL
70%
using Stereo Madness that is not current on the listConical Depression
66%
over 5 minutes longBoogie | The Lost Existence | Cromulent | Dark Odyssey | Marathon
64%
on the TeamN2 accountArtificial Ideology | A Bizarre Phantasm | The Hell Factory
59%
that ends in Sonic but is not part of the main sonic seriesPanasonic
56%
on the demon list list with a RobTop level song
(other than Tartarus)
SARY NEVER CLEAR | Hard Machine | Necromancer | The Hell Nutz
56%
on the demon list with the same song as KeresErebus | Calculator Core
54%
using "Flawless Wings of Yatagarasu" (other than Yatagarasu)The Hell Factory | The Flawless
52%
with only one gamemode
Shardscapes | On1y Cub3
48%
in 2 player mode (other than Codependence)Bang Gang | Elite Z Rebirth | CholeriX | Based Gang
41%
on weoweoteo's accountMarathon | Betrayal of Fate
39%
on F3lixsram's accountMonstercat | Artifice | Demonicat | 8o X
36%
with a "medium" (30-59 seconds) length other than:
kowareta, Wasureta, Sakupen Hell, and Sakupen Circles
Fexty | CYCLONE | Promethean | Caution | Explicit |
Icotact | GLISTEN | On1y Cub3 | phantasmagoria |
Disruption | Circuit Breaker
31%
that is the lowest extreme demon on the legacy listHate War
21%

Score Distribution

Percentile by Number Answered

Percent of People with Each Score

Your Score History

You have not taken this quiz